ბათუმის შოთა რუსთაველის სახელმწიფო უნივერსიტეტის ბიბლიოთეკა

უმეფობის ჟამს (ბიბ.ჩანაწერი № 48754)

000 -LEADER
fixed length control field 00615nam a2200217Ia 4500
001 - CONTROL NUMBER
control field 15655
003 - CONTROL NUMBER IDENTIFIER
control field GE_BSU
008 - FIXED-LENGTH DATA ELEMENTS--GENERAL INFORMATION
fixed length control field 181216s||||||||xx |||||||||||||| ||und||
040 ## - CATALOGING SOURCE
Transcribing agency GE_BSU
100 ## - MAIN ENTRY--PERSONAL NAME
Personal name ცეცხლაშვილი, თენგიზ
245 ## - TITLE STATEMENT
Title უმეფობის ჟამს
245 ## - TITLE STATEMENT
Remainder of title პოემა
260 ## - PUBLICATION, DISTRIBUTION, ETC.
Place of publication, distribution, etc. თბილისი
260 ## - PUBLICATION, DISTRIBUTION, ETC.
Name of publisher, distributor, etc. ქართული წიგნი
260 ## - PUBLICATION, DISTRIBUTION, ETC.
Date of publication, distribution, etc. 2003
300 ## - PHYSICAL DESCRIPTION
Extent 78გვ. ; 20სმ. ფოტო
653 ## - INDEX TERM--UNCONTROLLED
Uncontrolled term პოემა
653 ## - INDEX TERM--UNCONTROLLED
Uncontrolled term უმეფობის ჟამს
942 ## - ADDED ENTRY ELEMENTS (KOHA)
Koha item type წიგნი
ეგზემპლარები
Withdrawn status Lost status Damaged status Not for loan Date acquired Barcode Date last seen Price effective from Koha item type
        2018-12-17 38741 2018-12-17 2018-12-17 წიგნი
        2018-12-17 38742 2018-12-17 2018-12-17 წიგნი